| 000 | 01032cam a2200289 4500 | ||
|---|---|---|---|
| 001 | WB3902-13 | ||
| 008 | 030114n2003 000 0 eng u | ||
| 035 | _a(Sirsi) u121012 | ||
| 245 | _aReview of Scotland's six cities | ||
| 260 | _c2003 | ||
| 490 |
_aScottish Executive News Release _vSEJ146a/2003, 9 January 2003, (3) |
||
| 520 | _aThe Scottish Executive has launched an action plan to improve Scotland's six cities and the regions surrounding them. "Building better cities" is the outcome of the Scottish Executive's cities review announced in December 2000. The report is available from http://www.scotland.gov.uk under publications along with associated documents. | ||
| 590 | _aWB | ||
| 650 | _aSCOTLAND | ||
| 650 | _aCITIES | ||
| 650 | _aREGIONAL DEVELOPMENT | ||
| 650 | _aECONOMIC GROWTH | ||
| 650 | _aGOVERNMENT POLICY | ||
| 650 | _aABERDEEN | ||
| 650 | _aDUNDEE | ||
| 650 | _aEDINBURGH | ||
| 650 | _aGLASGOW | ||
| 650 | _aINVERNESS | ||
| 650 | _aSTIRLING | ||
| 690 | _aREGENERATION | ||
| 942 | _n0 | ||
| 999 |
_c71911 _d71911 |
||